[Event "HUN-chT2 Szechenyi 1314"]
[Site "Hungary"]
[Date "2013.09.08"]
[Round "1.7"]
[White "Czupor, Attila"]
[Black "Kovacs, Andras"]
[Result "1-0"]
[WhiteElo "1985"]
[BlackElo "1911"]
[PlyCount "59"]
[EventDate "2013.09.08"]
[EventType "team-tourn"]
[EventRounds "11"]
[EventCountry "HUN"]
[SourceTitle "EXT 2016"]
[Source "ChessBase"]
[SourceDate "2015.10.08"]
[SourceVersion "1"]
[SourceVersionDate "2015.10.08"]
[SourceQuality "1"]
[WhiteTeam "Sarvar"]
[BlackTeam "Veszprem"]
[WhiteTeamCountry "HUN"]
[BlackTeamCountry "HUN"]

1. e4 e6 2. d4 b6 3. c4 Bb7 4. Nc3 Bb4 5. Qc2 Qh4 6. Bd3 f5 7. g3 Qh5 8. f3 fxe4 9. fxe4 Nf6 10. Bd2 0-0 11. Nge2 Ng4 12. Nf4 Qf7 13. h3 Nf2 14. Kxf2 g5 15. Raf1 Nc6 16. Be3 e5 17. dxe5 Nxe5 18. Ke1 gxf4 19. gxf4 Nxd3+ 20. Qxd3 Bc5 21. Rhg1+ Kh8 22. Bd4+ Bxd4 23. Qxd4+ Qf6 24. e5 Qh4+ 25. Kd2 c5 26. Qe3 Rg8 27. Nb5 Bg2 28. Nd6 Raf8 29. Rf2 Qxh3 30. Rgxg2 1-0

[Event "HUN-chT2 Charousek 1112"]
[Site "Hungary"]
[Date "2012.03.25"]
[Round "8"]
[White "Grimm, Gyorgy"]
[Black "Kovacs, Andras"]
[Result "1-0"]
[WhiteElo "1888"]
[BlackElo "1985"]
[PlyCount "81"]
[EventDate "2011.09.25"]
[EventType "team-tourn"]
[EventRounds "11"]
[EventCountry "HUN"]
[SourceTitle "EXT 2013"]
[Source "ChessBase"]
[SourceDate "2012.11.22"]
[SourceVersion "1"]
[SourceVersionDate "2012.11.22"]
[SourceQuality "1"]
[WhiteTeam "BEAC"]
[BlackTeam "Veszprem"]
[WhiteTeamCountry "HUN"]
[BlackTeamCountry "HUN"]

1. e4 d6 2. d4 Nf6 3. Nc3 g6 4. f3 Bg7 5. Be3 Nbd7 6. Qd2 e5 7. Nge2 c6 8. 0-0-0 0-0 9. g4 h5 10. gxh5 Nxh5 11. Ng3 Qh4 12. Bg5 Nxg3 13. Bxh4 Nxh1 14. Bg2 exd4 15. Ne2 c5 16. Rxh1 Ne5 17. b3 Re8 18. Bg5 Kh7 19. h4 f6 20. Bf4 a5 21. c3 a4 22. cxd4 cxd4 23. Nxd4 axb3 24. axb3 Bd7 25. Kb2 Ra6 26. Ra1 Rb6 27. Bxe5 dxe5 28. Nc2 Be6 29. b4 Bf8 30. Bf1 Rd6 31. Qe2 Red8 32. Qb5 Bc8 33. Bc4 f5 34. Bd5 Be7 35. Ne3 Bxh4 36. Nc4 R6d7 37. Nb6 Rc7 38. Rc1 Rxc1 39. Kxc1 Bg3 40. Kb2 Kh6 41. Nxc8 1-0

[Event "HUN-chT2 Szechenyi 1011"]
[Site "Hungary"]
[Date "2010.11.07"]
[Round "5.10"]
[White "Kovacs, Andras"]
[Black "Hoffmann, Roland"]
[Result "1-0"]
[WhiteElo "1998"]
[BlackElo "1785"]
[PlyCount "79"]
[EventDate "2010.09.12"]
[EventType "team-tourn"]
[EventRounds "11"]
[EventCountry "HUN"]
[SourceTitle "EXT 2012"]
[Source "ChessBase"]
[SourceDate "2011.11.24"]
[SourceVersion "1"]
[SourceVersionDate "2011.11.24"]
[SourceQuality "1"]
[WhiteTeam "Veszprem"]
[BlackTeam "Tapolca"]
[WhiteTeamCountry "HUN"]
[BlackTeamCountry "HUN"]

1. d4 d5 2. Nf3 Nf6 3. c4 c6 4. Nc3 e6 5. e3 Nbd7 6. a3 Be7 7. Bd3 dxc4 8. Bxc4 Nb6 9. Bd3 Nbd5 10. Qc2 Bd7 11. 0-0 Rc8 12. e4 Nxc3 13. bxc3 h6 14. Re1 0-0 15. c4 c5 16. e5 Ne8 17. d5 Qa5 18. Bd2 Qa4 19. Qc3 exd5 20. cxd5 c4 21. Bc2 Qb5 22. d6 Bd8 23. Nd4 Qa6 24. Be4 Rc5 25. Nc2 b5 26. Nb4 Qa4 27. Be3 Rc8 28. Bb7 Rb8 29. Bc6 Be6 30. Be4 Bd7 31. Bc2 Qa5 32. Bd2 Nxd6 33. exd6 Bf6 34. Qg3 Bxa1 35. Rxa1 Qd8 36. Nd5 Kh8 37. h4 Be6 38. Bc3 f6 39. Ne7 Rf7 40. Qg6 1-0

[Event "HUN-chT2 Asztalos 0910"]
[Site "Hungary"]
[Date "2010.04.11"]
[Round "9"]
[White "Kovacs, Andras"]
[Black "Csire, Bence"]
[Result "1/2-1/2"]
[WhiteElo "1995"]
[BlackElo "1812"]
[PlyCount "65"]
[EventDate "2009.11.08"]
[EventType "team-tourn"]
[EventRounds "11"]
[EventCountry "HUN"]
[SourceTitle "EXT 2011"]
[Source "ChessBase"]
[SourceDate "2010.11.26"]
[SourceVersion "1"]
[SourceVersionDate "2010.11.26"]
[SourceQuality "1"]
[WhiteTeam "Veszprem"]
[BlackTeam "Szekesfehervar"]
[WhiteTeamCountry "HUN"]
[BlackTeamCountry "HUN"]

1. e4 e5 2. Nf3 Nc6 3. Bc4 Bc5 4. c3 Nf6 5. d4 exd4 6. e5 d5 7. Bb5 Ne4 8. cxd4 Bb4+ 9. Bd2 Nxd2 10. Nbxd2 Bd7 11. Bd3 0-0 12. Qc2 h6 13. h3 f6 14. 0-0-0 fxe5 15. dxe5 Qe7 16. Qb3 Be6 17. Kb1 Bxd2 18. Rxd2 Nb4 19. Be2 c5 20. a3 Nc6 21. Re1 a6 22. g4 b5 23. Rg1 Rad8 24. g5 h5 25. Ka1 g6 26. Qd1 c4 27. Qc2 Bf5 28. Qc3 a5 29. Nd4 Nxd4 30. Qxd4 b4 31. a4 Qe8 32. b3 Kh7 33. h4 1/2-1/2

[Event "HUN-chT2 Szechenyi 0809"]
[Site "Hungary"]
[Date "2008.11.02"]
[Round "2.9"]
[White "Toth, Laszlo2222"]
[Black "Kovacs, Andras"]
[Result "0-1"]
[WhiteElo "1886"]
[BlackElo "1981"]
[PlyCount "112"]
[EventDate "2008.10.26"]
[EventType "team-tourn"]
[EventRounds "11"]
[EventCountry "HUN"]
[SourceTitle "EXT 2010"]
[Source "ChessBase"]
[SourceDate "2010.11.25"]
[SourceVersion "1"]
[SourceVersionDate "2010.11.25"]
[SourceQuality "1"]
[WhiteTeam "Zala Volan"]
[BlackTeam "Veszprem"]
[WhiteTeamCountry "HUN"]
[BlackTeamCountry "HUN"]

1. e4 c5 2. d4 cxd4 3. Nf3 d6 4. Bc4 Nf6 5. Qxd4 a6 6. 0-0 Nc6 7. Qe3 g6 8. Bd2 Bg7 9. Bc3 0-0 10. Nbd2 Qc7 11. Bb3 Ng4 12. Qd3 Nf6 13. Rfe1 b5 14. a3 Bd7 15. Rad1 Rad8 16. Qe2 Nh5 17. Bxg7 Nxg7 18. Qe3 Be6 19. Ng5 Bc8 20. Ngf3 Be6 21. Qh6 f6 22. Re3 d5 23. Rde1 d4 24. Bxe6+ Nxe6 25. Rb3 Nc5 26. Nh4 Nxb3 27. Nxb3 Ne5 28. Qd2 Nc4 29. Qe2 e5 30. Qg4 Kh8 31. Qh3 Rg8 32. Qf3 Rd6 33. Rb1 a5 34. Qe2 Rgd8 35. Nc1 Qc6 36. Nd3 R6d7 37. Rf1 Nd6 38. f3 Re7 39. g3 g5 40. Ng2 Rf8 41. g4 Rc8 42. Rc1 Qb6 43. h4 h6 44. Qf2 Nc4 45. Kh2 Rec7 46. Nge1 Ne3 47. Kh3 b4 48. axb4 axb4 49. b3 h5 50. hxg5 hxg4+ 51. fxg4 Rh7+ 52. Kg3 fxg5 53. Nxe5 Qd6 54. N1f3 Rf8 55. Qd2 Rxf3+ 56. Kxf3 Qxe5 0-1

[Event "Balatonalmadi Pannonia Cup 12th"]
[Site "Balatonalmadi"]
[Date "2007.08.03"]
[Round "4"]
[White "Zentai, Peter"]
[Black "Kovacs, Andras"]
[Result "1-0"]
[WhiteElo "2156"]
[BlackElo "2005"]
[PlyCount "57"]
[EventDate "2007.08.01"]
[EventType "swiss"]
[EventRounds "7"]
[EventCountry "HUN"]
[SourceTitle "EXT 2016"]
[Source "ChessBase"]
[SourceDate "2015.10.08"]
[SourceVersion "1"]
[SourceVersionDate "2015.10.08"]
[SourceQuality "1"]

1. d4 e6 2. c4 b6 3. a3 f5 4. Nc3 Bb7 5. Nf3 Nf6 6. d5 exd5 7. cxd5 a6 8. g3 Bd6 9. Bg2 0-0 10. 0-0 g6 11. Bg5 Be7 12. Nd4 Ne4 13. Bh6 Re8 14. Nxe4 fxe4 15. Bxe4 Bf6 16. Bg2 c5 17. dxc6 Nxc6 18. Nxc6 Bxc6 19. Be3 Rb8 20. Rb1 Qe7 21. Re1 Qg7 22. Qd2 Re7 23. Bd5+ Bxd5 24. Qxd5+ Qf7 25. Qd3 a5 26. Bf4 Rc8 27. e4 Qc4 28. Qd6 Qc6 29. Rbc1 1-0

[Event "HUN-chT2 Szechenyi 0607"]
[Site "Hungary"]
[Date "2007.03.25"]
[Round "7"]
[White "Makk, Robert"]
[Black "Kovacs, Andras"]
[Result "1-0"]
[WhiteElo "1876"]
[BlackElo "2034"]
[PlyCount "83"]
[EventDate "2006.11.12"]
[EventType "team"]
[EventRounds "11"]
[EventCountry "HUN"]
[SourceTitle "EXT 2008"]
[Source "ChessBase"]
[SourceDate "2007.11.25"]
[SourceVersion "1"]
[SourceVersionDate "2007.11.25"]
[SourceQuality "1"]
[WhiteTeam "Sarvar"]
[BlackTeam "Veszprem"]
[WhiteTeamCountry "HUN"]
[BlackTeamCountry "HUN"]

1. e4 c5 2. Nf3 d6 3. d4 cxd4 4. Nxd4 Nf6 5. Nc3 a6 6. f3 b5 7. Be3 Bb7 8. Qd2 e6 9. g4 h6 10. 0-0-0 Qc7 11. h4 Be7 12. Bh3 Nc6 13. g5 Nd7 14. Bxe6 fxe6 15. Nxe6 Qa5 16. Nxg7+ Kf7 17. Nf5 Nce5 18. Nxd6+ Bxd6 19. Qxd6 b4 20. g6+ Nxg6 21. Qxd7+ Ne7 22. Qa4 Qxa4 23. Nxa4 Bc6 24. Nb6 Rab8 25. Nd7 Rb5 26. Nc5 a5 27. Nb3 Rh5 28. Nd4 Ba4 29. b3 Be8 30. Ne2 Ng6 31. Nf4 Nxf4 32. Bxf4 Bb5 33. Rd5 Rxd5 34. exd5 h5 35. Re1 Rc8 36. Kd2 Rc5 37. Re5 Rc3 38. Be3 Kg6 39. Rg5+ Kf7 40. Rxh5 Be8 41. d6 a4 42. Rc5 1-0

[Event "HUN-chT2 Szechenyi 0607"]
[Site "Hungary"]
[Date "2006.12.03"]
[Round "3"]
[White "Kovacs, Andras"]
[Black "Babos, Zsolt"]
[Result "1/2-1/2"]
[WhiteElo "2034"]
[BlackElo "1880"]
[PlyCount "87"]
[EventDate "2006.11.12"]
[EventType "team"]
[EventRounds "11"]
[EventCountry "HUN"]
[SourceTitle "EXT 2008"]
[Source "ChessBase"]
[SourceDate "2007.11.25"]
[SourceVersion "1"]
[SourceVersionDate "2007.11.25"]
[SourceQuality "1"]
[WhiteTeam "Veszprem"]
[BlackTeam "Haladas II"]
[WhiteTeamCountry "HUN"]
[BlackTeamCountry "HUN"]

1. d4 c6 2. c4 d5 3. Nc3 Nf6 4. Nf3 e6 5. a3 Be7 6. e3 Nbd7 7. Bd3 0-0 8. 0-0 Qc7 9. b3 b6 10. Bb2 Bb7 11. Rc1 Rac8 12. h3 Qb8 13. Qe2 c5 14. Nd2 e5 15. dxe5 Nxe5 16. Bf5 Rcd8 17. Nxd5 Bxd5 18. cxd5 Rxd5 19. Rfd1 Rfd8 20. Ne4 Nxe4 21. Rxd5 Rxd5 22. Bxe4 Rd7 23. Bxh7+ Kxh7 24. Qh5+ Kg8 25. Bxe5 Qd8 26. Qg4 Bf8 27. h4 Rd5 28. Bc3 g6 29. g3 Bg7 30. e4 Rd3 31. e5 Qd5 32. Qc4 Qf3 33. e6 Rxc3 34. Rxc3 Bxc3 35. e7 Qd1+ 36. Kg2 Qd7 37. Qxc3 Qxe7 38. Qf3 a6 39. Kh2 a5 40. h5 Qg5 41. hxg6 Qxg6 42. Kg2 Qe6 43. Qc3 Qd5+ 44. Kf1 1/2-1/2

[Event "HUN-chT2 Szechenyi 0304"]
[Site "Hungary"]
[Date "2004.02.22"]
[Round "8"]
[White "Kovacs, Andras"]
[Black "Katona, Janos"]
[Result "1-0"]
[WhiteElo "2049"]
[BlackElo "1997"]
[PlyCount "81"]
[EventDate "2003.09.28"]
[EventType "team"]
[EventRounds "11"]
[EventCountry "HUN"]
[SourceTitle "EXT 2009"]
[Source "ChessBase"]
[SourceDate "2008.11.26"]
[SourceVersion "1"]
[SourceVersionDate "2008.11.26"]
[SourceQuality "1"]
[WhiteTeam "Veszprem"]
[BlackTeam "Sarvar"]
[WhiteTeamCountry "HUN"]
[BlackTeamCountry "HUN"]

1. b3 d5 2. Bb2 c5 3. g3 Nc6 4. Nf3 Bf5 5. Bg2 e6 6. 0-0 Nf6 7. d3 h6 8. Nbd2 Be7 9. Re1 0-0 10. h3 Qc7 11. e4 dxe4 12. dxe4 Bh7 13. a3 Rad8 14. Qe2 Nd4 15. Nxd4 cxd4 16. e5 Ne8 17. Be4 Bxe4 18. Qxe4 d3 19. c4 b5 20. Rac1 b4 21. axb4 Bxb4 22. Bc3 Qa5 23. Ra1 Qb6 24. Rec1 f6 25. c5 Bxc5 26. Ba5 Bxf2+ 27. Kg2 Qe3 28. Qxe3 Bxe3 29. Bxd8 Bxd2 30. Rd1 Bc3 31. Rac1 Bd4 32. Rxd3 fxe5 33. Rf3 Nf6 34. Bxf6 gxf6 35. Rc7 f5 36. Rd3 f4 37. gxf4 Rxf4 38. Rf3 Re4 39. Rff7 Re2+ 40. Kf1 Re3 41. Rfd7 1-0

[Event "HUN-chT2 Szechenyi 0304"]
[Site "Hungary"]
[Date "2003.09.28"]
[Round "1"]
[White "Torma, Laszlo"]
[Black "Kovacs, Andras"]
[Result "1/2-1/2"]
[WhiteElo "2010"]
[BlackElo "2049"]
[PlyCount "137"]
[EventDate "2003.09.28"]
[EventType "team"]
[EventRounds "11"]
[EventCountry "HUN"]
[SourceTitle "EXT 2009"]
[Source "ChessBase"]
[SourceDate "2008.11.26"]
[SourceVersion "1"]
[SourceVersionDate "2008.11.26"]
[SourceQuality "1"]
[WhiteTeam "Ajka Banyasz"]
[BlackTeam "Veszprem"]
[WhiteTeamCountry "HUN"]
[BlackTeamCountry "HUN"]

1. d4 d5 2. Nf3 Nf6 3. c4 e6 4. Nc3 Nbd7 5. cxd5 exd5 6. Bg5 Be7 7. e3 c6 8. Bd3 Qb6 9. Qc2 Nf8 10. 0-0 Ne6 11. Bh4 g6 12. a3 0-0 13. b4 a6 14. Rfb1 Ng7 15. a4 Nf5 16. Bg5 Nd6 17. b5 axb5 18. axb5 Bf5 19. Bxf5 Nxf5 20. Na4 Qc7 21. bxc6 Qxc6 22. Qxc6 bxc6 23. Ne5 Ra6 24. Bxf6 Bxf6 25. Nd7 Rfa8 26. Nxf6+ Kg7 27. Nd7 Rxa4 28. Rxa4 Rxa4 29. g4 Nd6 30. Ne5 Ne4 31. Rb7 c5 32. Rxf7+ Kg8 33. dxc5 Nxc5 34. Rc7 Ne6 35. Rc6 Ng5 36. Rd6 Nf7 37. Nxf7 Rxg4+ 38. Kf1 Kxf7 39. Rxd5 h6 40. f3 Ra4 41. Kf2 Ra2+ 42. Kg3 Re2 43. e4 Kf6 44. h4 Re1 45. h5 g5 46. Rd6+ Kg7 47. Rg6+ Kh7 48. Kg4 Re3 49. Ra6 Kg7 50. Ra7+ Kg8 51. Rb7 Kh8 52. Re7 Kg8 53. e5 Rc3 54. e6 Re3 55. Re8+ Kg7 56. Re7+ Kg8 57. Kf5 Rxf3+ 58. Kg6 g4 59. Rg7+ Kf8 60. Kxh6 Rf6+ 61. Rg6 Ke7 62. Kh7 Rxe6 63. Rxg4 Kf7 64. Rg7+ Kf8 65. Rg6 Re7+ 66. Kh8 Re5 67. h6 Kf7 68. Rg7+ Kf8 69. Rg6 1/2-1/2

[Event "HUN-chT2 Szechenyi 0203"]
[Site "Hungary"]
[Date "2003.04.13"]
[Round "11"]
[White "Kovacs, Andras"]
[Black "Gadacsi, Miklos Jr"]
[Result "1/2-1/2"]
[WhiteElo "2089"]
[BlackElo "2053"]
[PlyCount "100"]
[EventDate "2002.09.22"]
[EventType "team"]
[EventRounds "11"]
[EventCountry "HUN"]
[SourceTitle "EXT 2009"]
[Source "ChessBase"]
[SourceDate "2008.11.26"]
[SourceVersion "1"]
[SourceVersionDate "2008.11.26"]
[SourceQuality "1"]

1. d4 Nf6 2. Nf3 g6 3. g3 Bg7 4. Bg2 0-0 5. 0-0 d6 6. b3 c5 7. e3 Nc6 8. Bb2 Bg4 9. h3 Bxf3 10. Bxf3 cxd4 11. exd4 Qc8 12. Kh2 e5 13. dxe5 dxe5 14. c4 e4 15. Be2 Rd8 16. Qc1 Qf5 17. Na3 Ne5 18. Bxe5 Qxe5 19. Qe3 Bf8 20. Nc2 Bc5 21. Qc1 a5 22. Ne3 a4 23. Rb1 axb3 24. axb3 Ra2 25. Nc2 Qc3 26. Bd1 e3 27. b4 e2 28. Bxe2 Rxc2 29. Qf4 Bd6 30. Qf3 Qxf3 31. Bxf3 Rxc4 32. Rfd1 Ne4 33. Kg2 Nc3 34. Rbc1 b5 35. Rd3 Ne4 36. Rcd1 f5 37. g4 Rc6 38. gxf5 gxf5 39. Rd5 Ng5 40. Be2 Nf7 41. Rxb5 f4 42. Bf3 Ra6 43. Rb7 Be5 44. Bd5 Rf8 45. Kf3 Rd6 46. Rg1+ Rg6 47. Rxg6+ hxg6 48. Ke4 Bd6 49. Rb6 Re8+ 50. Kf3 Rd8 1/2-1/2

[Event "HUN-chT2 Szechenyi 0203"]
[Site "Hungary"]
[Date "2003.02.02"]
[Round "6"]
[White "Kovacs, Andras"]
[Black "Solyomvari, Roxanne"]
[Result "0-1"]
[WhiteElo "2089"]
[BlackElo "1805"]
[PlyCount "144"]
[EventDate "2002.09.22"]
[EventType "team"]
[EventRounds "11"]
[EventCountry "HUN"]
[SourceTitle "EXT 2009"]
[Source "ChessBase"]
[SourceDate "2008.11.26"]
[SourceVersion "1"]
[SourceVersionDate "2008.11.26"]
[SourceQuality "1"]

1. e4 c5 2. Nf3 d6 3. d4 cxd4 4. Qxd4 a6 5. c4 Nc6 6. Qd2 Nf6 7. Nc3 e6 8. g3 b6 9. b3 Bb7 10. Bg2 Nd7 11. 0-0 Nc5 12. Bb2 Nb4 13. Ne1 Nc6 14. Nc2 Ne5 15. Ba3 Qf6 16. f4 Nc6 17. Rad1 Rd8 18. Ne3 h5 19. b4 Nd7 20. b5 Na5 21. Bb4 Nc5 22. f5 Qe5 23. fxe6 fxe6 24. Rde1 Qg5 25. Qf2 Rd7 26. Rd1 axb5 27. cxb5 Qe5 28. Qf4 Qxf4 29. Rxf4 g5 30. Rf6 Bg7 31. Rg6 Kf7 32. Rxg5 Bh6 33. Rf1+ Ke8 34. h4 Bxg5 35. hxg5 Rg8 36. Bxa5 bxa5 37. Nc4 Rxg5 38. Kh2 a4 39. Rd1 Ke7 40. Nb6 Rc7 41. Re1 Kd8 42. Rf1 Rcg7 43. Rf3 h4 44. Ncxa4 hxg3+ 45. Kg1 Nxa4 46. Nxa4 Rxb5 47. Nc3 Rc5 48. Re3 d5 49. exd5 exd5 50. Rd3 Kc8 51. Ne2 Ba6 52. Bh3+ Kc7 53. Ra3 Bxe2 54. Ra7+ Kb6 55. Rxg7 Rc1+ 56. Kg2 Bf1+ 57. Kxg3 Rc3+ 58. Kf2 Bxh3 59. Rg6+ Kb5 60. Rd6 Rd3 61. Ke2 Bf5 62. Rd8 Be4 63. Ra8 Kb4 64. Rb8+ Kc3 65. Ra8 Rd2+ 66. Ke3 Rd3+ 67. Ke2 d4 68. Rc8+ Kb2 69. a4 Ra3 70. Re8 Bf3+ 71. Kf2 Bc6 72. Rd8 Rxa4 0-1

[Event "HUN-chT2 Szechenyi 0203"]
[Site "Hungary"]
[Date "2003.01.19"]
[Round "5"]
[White "Babos, Zsolt"]
[Black "Kovacs, Andras"]
[Result "1/2-1/2"]
[WhiteElo "1853"]
[BlackElo "2089"]
[PlyCount "100"]
[EventDate "2002.09.22"]
[EventType "team"]
[EventRounds "11"]
[EventCountry "HUN"]
[SourceTitle "EXT 2009"]
[Source "ChessBase"]
[SourceDate "2008.11.26"]
[SourceVersion "1"]
[SourceVersionDate "2008.11.26"]
[SourceQuality "1"]

1. e4 c5 2. Nc3 Nc6 3. g3 g6 4. Bg2 Bg7 5. d3 Nf6 6. Be3 d6 7. Nge2 0-0 8. 0-0 a6 9. Rb1 Rb8 10. f4 Ng4 11. Bd2 Nd4 12. h3 Nf6 13. Nxd4 cxd4 14. Ne2 e5 15. f5 b5 16. g4 Nd7 17. g5 f6 18. h4 Nc5 19. Ng3 Bb7 20. gxf6 Bxf6 21. fxg6 hxg6 22. Qg4 Qe8 23. h5 Bc8 24. Nf5 Bg7 25. hxg6 Rf6 26. Qh5 Bxf5 27. Qh7+ Kf8 28. exf5 e4 29. Bg5 Rb7 30. Bxf6 Bxf6 31. Qh6+ Bg7 32. Qg5 Qe5 33. Qd8+ Qe8 34. Qxe8+ Kxe8 35. f6 Bh6 36. f7+ Kf8 37. dxe4 Re7 38. Rbe1 Re6 39. b4 Nd7 40. Bh3 Rxg6+ 41. Kh2 Ne5 42. Rd1 Be3 43. Bf5 Rg5 44. Bc8 Rg6 45. Bxa6 Rh6+ 46. Kg3 Rg6+ 47. Kh3 Rh6+ 48. Kg3 Rg6+ 49. Kh3 Rh6+ 50. Kg3 Rg6+ 1/2-1/2

[Event "HUN-chT2 Szechenyi 0203"]
[Site "Hungary"]
[Date "2002.11.24"]
[Round "3"]
[White "Ruszin, Tibor"]
[Black "Kovacs, Andras"]
[Result "1-0"]
[WhiteElo "2092"]
[BlackElo "2089"]
[PlyCount "79"]
[EventDate "2002.09.22"]
[EventType "team"]
[EventRounds "11"]
[EventCountry "HUN"]
[SourceTitle "EXT 2009"]
[Source "ChessBase"]
[SourceDate "2008.11.26"]
[SourceVersion "1"]
[SourceVersionDate "2008.11.26"]
[SourceQuality "1"]

1. e4 c5 2. Nf3 d6 3. d4 cxd4 4. Nxd4 Nf6 5. Nc3 Nc6 6. f3 a6 7. Be3 e6 8. Qd2 Be7 9. 0-0-0 h6 10. g4 Ne5 11. h3 Qc7 12. f4 Nc4 13. Bxc4 Qxc4 14. Kb1 b5 15. e5 dxe5 16. fxe5 Nd7 17. b3 Qc7 18. Bf4 Bb7 19. Rhe1 Rc8 20. Nf5 Bb4 21. Nxg7+ Ke7 22. Nd5+ Bxd5 23. Qxb4+ Qc5 24. Qxc5+ Nxc5 25. Bc1 b4 26. Nh5 Ne4 27. Bb2 Nf2 28. Rd4 a5 29. Nf6 Rhd8 30. h4 Bb7 31. Rxd8 Rxd8 32. a3 Nd1 33. axb4 Nxb2 34. Kxb2 axb4 35. Ne4 Rd4 36. Nd6 Bf3 37. Rf1 Rf4 38. Nc4 f6 39. Nd2 fxe5 40. Nxf3 1-0

[Event "HUN-chT2 Szechenyi 0203"]
[Site "Hungary"]
[Date "2002.09.22"]
[Round "1"]
[White "Kovacs, Andras"]
[Black "Havasi, Jozsef"]
[Result "1-0"]
[WhiteElo "2089"]
[BlackElo "1837"]
[PlyCount "65"]
[EventDate "2002.09.22"]
[EventType "team"]
[EventRounds "11"]
[EventCountry "HUN"]
[SourceTitle "EXT 2009"]
[Source "ChessBase"]
[SourceDate "2008.11.26"]
[SourceVersion "1"]
[SourceVersionDate "2008.11.26"]
[SourceQuality "1"]

1. e4 e5 2. Nf3 Nc6 3. Bc4 Bc5 4. c3 Nf6 5. d4 exd4 6. e5 d5 7. Bb5 Ne4 8. cxd4 Bb6 9. h3 h6 10. Nc3 Nxc3 11. bxc3 Bd7 12. Bd3 a6 13. Ba3 Be6 14. Rb1 Qd7 15. Qc2 Na5 16. Nd2 Rb8 17. 0-0 g5 18. Kh2 h5 19. f4 gxf4 20. Rxf4 Nc6 21. Nf3 Qd8 22. Rf6 Kd7 23. Ng5 Qe8 24. Rbf1 Nd8 25. Bf5 Rg8 26. Nxf7 Bxf5 27. Qxf5+ Ne6 28. Nh6 Rg5 29. Qh7+ Kc6 30. Rxe6+ Qxe6 31. Rf6 Re8 32. Rxe6+ Rxe6 33. Nf7 1-0